Statistics for NBA players from former Yugoslavia - Season 2015/16

Click here to take the quiz!

General Stats

  • This quiz has been taken 33 times
  • The average score is 10 of 15

Answer Stats

NBA teamAnswer% Correct
NuggetsNikola Jokić
97%
NetsBojan Bogdanović
84%
HeatGoran Dragić
84%
NuggetsJusuf Nurkić
81%
SpursBoban Marjanović
77%
MagicNikola Vučević
74%
BullsNikola Mirotić
71%
MagicMario Hezonja
68%
SunsMirza Teletović
68%
TimberwolvesNikola Peković
68%
TimberwolvesNemanja Bjelica
65%
KnicksAleksandar 'Sasha' Vujačić
55%
Grizzlies, HeatBeno Udrih
52%
TimberwolvesDamjan Rudež
45%
KingsDuje Dukan
23%

Score Distribution

Percentile by Number Answered

Percent of People with Each Score

Your Score History

You have not taken this quiz